When Did You Get Hot? - Sabrina Carpenter (All Lyrics) - Statistics

General Stats
  • This quiz has been taken 508 times
  • The average score is 330 of 397
Answer Stats
Lyrics % Correct
a
99%
I
99%
get
98%
get,
98%
you
97%
You
97%
did
96%
hot
96%
hot?
96%
(Hot)
96%
When
96%
when
96%
So
94%
so
94%
an
93%
the
93%
(The
93%
your
92%
all
91%
(All
91%
And
91%
and
91%
I'm
89%
My
89%
my
89%
on
88%
like,
87%
not
87%
can
86%
don't
86%
at
85%
day
85%
day)
85%
sudden?
85%
up
85%
know
84%
look
84%
"Sabrina,
83%
to
83%
was
83%
down
82%
man
82%
that
82%
(That
82%
ugly
82%
back
81%
but
81%
Oh
81%
oh
81%
remember
81%
you're
81%
Devin?"
80%
double
80%
if
80%
in
80%
kid,
80%
Said,
80%
take,
80%
take
80%
Take
80%
triple
80%
were
80%
face
79%
face)
79%
sexy
79%
think
79%
would
79%
friends
78%
friends'
78%
had
78%
me
78%
than
78%
could
77%
"Huh?"
77%
huh,
77%
huh
77%
huh)
77%
Uh
77%
uh
77%
(Uh
77%
uh)
77%
Big
76%
Now
76%
Baby,
75%
baby,
75%
long,
75%
place
74%
bigger
73%
hand?
73%
it
73%
see
73%
with
73%
car
72%
convention
72%
light
72%
rodeo
72%
bet
71%
direction
71%
lift
71%
new
71%
Sorry,
71%
dry,
70%
grow
70%
time
70%
untouched
70%
Zeus's
70%
Congratulations
69%
need
69%
prospect
69%
Bone
68%
minute
68%
minute,
68%
plant
68%
vision
68%
vision)
68%
wait,
68%
Wait,
68%
walk
68%
horse
67%
naked
66%
rod's,
66%
improvements
65%
Twister
64%
has
63%
(Yeah)
63%
'Bout
61%
Lord,
61%
fine
60%
risen
60%
risen)
60%
Thank
60%
here
59%
it's
59%
(Hey)
58%
Hey,
58%
coming,
57%
mm,
57%
mm
57%
comes
56%
Okay,
56%
riff
55%
plot
50%
thickening
48%
(Ooh
46%
ooh)
46%
(Ooh)
46%
ooh,
46%
(What?)
15%
(Mhm)
13%
(Damn)
7%
No matching quizzes found
Score Distribution
Percent of People with Each Score
Percentile by Number Answered
Your Score History
You have not taken this quiz